[Event "Western Class-ch 15th"]
[Site "Agoura Hills"]
[Date "2008.01.21"]
[Round "5"]
[White "Yotov, Valentin"]
[Black "Casella, Michael"]
[Result "1-0"]
[WhiteElo "2495"]
[BlackElo "2286"]
[PlyCount "93"]
[EventDate "2008.01.18"]
[EventType "swiss"]
[EventRounds "6"]
[EventCountry "USA"]
[SourceTitle "EXT 2013"]
[Source "ChessBase"]
[SourceDate "2012.11.22"]
[SourceVersion "1"]
[SourceVersionDate "2012.11.22"]
[SourceQuality "1"]

1. d4 Nf6 2. c4 g6 3. Nc3 Bg7 4. e4 d6 5. Nf3 0-0 6. Be2 e5 7. 0-0 Nc6 8. d5 Ne7 9. Ne1 Nd7 10. Be3 f5 11. f3 f4 12. Bf2 g5 13. Rc1 Rf6 14. c5 Nxc5 15. b4 Na6 16. Nb5 Bd7 17. Nxa7 Rg6 18. Qc2 b6 19. Nc6 Nxc6 20. dxc6 Be6 21. Bc4 Qe7 22. Bxe6+ Qxe6 23. Qa4 Qe8 24. Qb3+ Kh8 25. a4 g4 26. fxg4 Rxg4 27. h3 Rg6 28. Nf3 Bf6 29. Be1 Qe7 30. Rc2 Rag8 31. Qc4 Ra8 32. Kh2 Qg7 33. Rff2 Qg8 34. Rfd2 Qxc4 35. Rxc4 Rgg8 36. Rd5 Rgb8 37. Bf2 Kg8 38. Rb5 Be7 39. Rd5 Kf7 40. Kg1 Ke6 41. Kf1 Rg8 42. Ne1 Rab8 43. Ke2 Rg6 44. Kf1 Rh6 45. Nf3 Rg6 46. Be1 Ra8 47. a5 1-0

[Event "Los Angeles op"]
[Site "Los Angeles"]
[Date "2006.10.07"]
[Round "2"]
[White "Yotov, Valentin"]
[Black "Kurosaki, Takashi"]
[Result "1-0"]
[WhiteElo "2503"]
[BlackElo "2114"]
[PlyCount "97"]
[EventDate "2006.10.06"]
[EventType "swiss"]
[EventRounds "5"]
[EventCountry "USA"]
[SourceTitle "EXT 2007"]
[Source "ChessBase"]
[SourceDate "2006.11.23"]
[SourceVersion "1"]
[SourceVersionDate "2006.11.23"]
[SourceQuality "1"]

1. d4 c5 2. d5 e5 3. c4 d6 4. e4 Be7 5. h3 Nf6 6. Nc3 Nbd7 7. g3 a6 8. a4 Rb8 9. Bg2 0-0 10. Nge2 Ne8 11. 0-0 Nc7 12. Qd3 Bf6 13. Be3 Re8 14. Rab1 a5 15. Qd2 Nf8 16. f4 b6 17. f5 h6 18. h4 Bd7 19. Kh2 Nh7 20. Bh3 Kf8 21. Ng1 Ke7 22. Nf3 h5 23. Ng5 Rh8 24. Rf2 Kf8 25. Rg1 Be7 26. b3 Ne8 27. Ne6+ Bxe6 28. fxe6 Nhf6 29. Nb5 Rb7 30. Qe2 Nc7 31. Nxc7 Rxc7 32. Qf3 Qe8 33. exf7 Qxf7 34. Be6 Qg6 35. g4 hxg4 36. Rxg4 Qh5 37. Qg3 Bd8 38. Bg5 Ke8 39. Bxf6 Bxf6 40. Rf5 Qh6 41. h5 g5 42. Rgxg5 Bxg5 43. Rxg5 Rhh7 44. Rg8+ Ke7 45. Qh4+ Qf6 46. Re8+ Kxe8 47. Qxf6 Rxh5+ 48. Kg3 Rch7 49. Bf5 1-0

[Event "BUL-ch U20"]
[Site "Pleven"]
[Date "2004.02.09"]
[Round "8"]
[White "Mladenov, Plamen"]
[Black "Yotov, Valentin"]
[Result "0-1"]
[WhiteElo "2235"]
[BlackElo "2270"]
[PlyCount "56"]
[EventDate "2004.02.10"]
[EventType "swiss"]
[EventRounds "9"]
[EventCountry "BUL"]
[SourceTitle "EXT 2005"]
[Source "ChessBase"]
[SourceDate "2004.11.15"]
[SourceVersion "1"]
[SourceVersionDate "2004.11.15"]
[SourceQuality "1"]

1. e4 c5 2. Nf3 e6 3. c4 Nc6 4. d4 cxd4 5. Nxd4 Nf6 6. Nc3 Bb4 7. Nxc6 dxc6 8. Bd3 e5 9. 0-0 0-0 10. Qc2 Nh5 11. a3 Bc5 12. Ne2 a5 13. Rb1 Qd6 14. Nc3 Nf4 15. Bxf4 exf4 16. Be2 Be6 17. Na4 Bd4 18. c5 Qe5 19. Rbd1 Rad8 20. Rd2 Qg5 21. Rfd1 Bh3 22. Bf3 Bxg2 23. h4 Qg6 24. Bh5 Qxh5 25. Kxg2 Qg4+ 26. Kf1 f3 27. Rd3 Qg2+ 28. Ke1 Be3 0-1

[Event "BUL-ch U20"]
[Site "Pleven"]
[Date "2004.02.08"]
[Round "7"]
[White "Gigov, Mihail"]
[Black "Yotov, Valentin"]
[Result "0-1"]
[WhiteElo "2170"]
[BlackElo "2270"]
[PlyCount "56"]
[EventDate "2004.02.10"]
[EventType "swiss"]
[EventRounds "9"]
[EventCountry "BUL"]
[SourceTitle "EXT 2005"]
[Source "ChessBase"]
[SourceDate "2004.11.15"]
[SourceVersion "1"]
[SourceVersionDate "2004.11.15"]
[SourceQuality "1"]

1. e4 c5 2. Nf3 e6 3. d4 cxd4 4. Nxd4 Nc6 5. Nc3 Qc7 6. Ndb5 Qb8 7. Be3 a6 8. Bb6 axb5 9. Nxb5 Bb4+ 10. c3 Ba5 11. Nc7+ Qxc7 12. Bxc7 Bxc7 13. Bd3 Nf6 14. 0-0 g5 15. g3 b6 16. f4 gxf4 17. gxf4 Rg8+ 18. Kh1 Bb7 19. Qe2 Rg4 20. Rg1 Rxf4 21. Raf1 Ne7 22. Rxf4 Bxf4 23. Rf1 Ng6 24. c4 Ra5 25. b4 Re5 26. Re1 Rh5 27. c5 bxc5 28. b5 Ne5 0-1

[Event "BUL-ch U20"]
[Site "Pleven"]
[Date "2004.02.05"]
[Round "2"]
[White "Andreeva, Veronika"]
[Black "Yotov, Valentin"]
[Result "0-1"]
[WhiteElo "1940"]
[BlackElo "2270"]
[PlyCount "81"]
[EventDate "2004.02.10"]
[EventType "swiss"]
[EventRounds "9"]
[EventCountry "BUL"]
[SourceTitle "EXT 2005"]
[Source "ChessBase"]
[SourceDate "2004.11.15"]
[SourceVersion "1"]
[SourceVersionDate "2004.11.15"]
[SourceQuality "1"]

1. d4 Nf6 2. Nf3 e6 3. c4 b6 4. Nc3 Bb4 5. e3 Bb7 6. Bd2 0-0 7. Be2 d6 8. 0-0 Nbd7 9. a3 Bxc3 10. Bxc3 Ne4 11. Rc1 f5 12. b4 Nxc3 13. Rxc3 Nf6 14. Qb3 Ne4 15. Rc2 c5 16. Rd1 Qe7 17. Nd2 Qh4 18. Nxe4 fxe4 19. g3 Qf6 20. Bf1 Qf3 21. Rcd2 cxd4 22. Bg2 Qf5 23. exd4 Rf6 24. Qe3 d5 25. c5 Ba6 26. Rc1 Bb5 27. Ra2 Qh5 28. h3 Raf8 29. a4 Bc4 30. Rb2 b5 31. a5 a6 32. Re1 Rh6 33. Qd2 Qf5 34. h4 Rhf6 35. Re3 Qg4 36. Qe1 h6 37. Kh2 g5 38. Bh3 Qh5 39. f3 exf3 40. Bxe6+ Kh8 41. Qf2 0-1